00409nam a2200157Ia 45000010006000000050017000060080041000230410008000640820016000721000027000882450078001152600009001933000033002026500008002356540008002432349320260414150941.0260414t2015||||xx |||||||||||||| ||spa|| aESP a650.13bA92 aÁvila, SantiagoeAUT 0aAprendiendo a liderar :bel mundo no hay que entenderlo, hay que sentirlo c2015 axxv, 268 páginas :c24 cm. aGEN aCCO